[Event "La Felguera Social Casino la Fel"]
[Site "La Felguera"]
[Date "2019.06.09"]
[Round "4"]
[White "Perez Agusti, Fernando"]
[Black "Pinto Ojea, Lucas"]
[Result "1-0"]
[WhiteElo "1571"]
[BlackElo "1344"]
[PlyCount "41"]
[EventDate "2019.05.19"]
[EventType "tourn"]
[EventRounds "7"]
[EventCountry "ESP"]
[SourceTitle "EXT 2024"]
[Source "ChessBase"]
[SourceDate "2023.10.10"]
[SourceVersion "1"]
[SourceVersionDate "2023.10.10"]
[SourceQuality "1"]

1. d4 d5 2. c4 e6 3. Nc3 Nf6 4. Bg5 h6 5. Bxf6 Qxf6 6. cxd5 exd5 7. Nxd5 Qd6 8. Nc3 Bf5 9. e3 Be7 10. Nf3 Bf6 11. Bc4 0-0 12. 0-0 Rd8 13. Qb3 Be6 14. Bxe6 fxe6 15. Ne4 Qd5 16. Nxf6+ gxf6 17. Qc2 Qc6 18. Qg6+ Kf8 19. Qxf6+ Ke8 20. Ne5 Qd6 21. Qf7# 1-0

[Event "La Felguera Social Casino la Fel"]
[Site "La Felguera"]
[Date "2019.06.02"]
[Round "3"]
[White "Gonzalez Florez, Celia"]
[Black "Perez Agusti, Fernando"]
[Result "0-1"]
[WhiteElo "1204"]
[BlackElo "1571"]
[PlyCount "68"]
[EventDate "2019.05.19"]
[EventType "tourn"]
[EventRounds "7"]
[EventCountry "ESP"]
[SourceTitle "EXT 2024"]
[Source "ChessBase"]
[SourceDate "2023.10.10"]
[SourceVersion "1"]
[SourceVersionDate "2023.10.10"]
[SourceQuality "1"]

1. e4 e6 2. Nf3 d5 3. Nc3 Nf6 4. Qe2 dxe4 5. Nxe4 Nxe4 6. Qxe4 Nc6 7. Bb5 Bd7 8. 0-0 Be7 9. d4 a6 10. Bc4 b5 11. Be2 0-0 12. Be3 f5 13. Qd3 Nb4 14. Qd2 Nd5 15. c4 Bb4 16. Qd3 Nxe3 17. Qxe3 f4 18. Qb3 Qe7 19. Rad1 Rab8 20. d5 e5 21. a3 Bd6 22. Qc2 e4 23. Ne1 Bf5 24. Qc3 Be5 25. Qc1 Qh4 26. b3 f3 27. g3 Qh3 28. Qe3 fxe2 29. Qxe2 Rbe8 30. f4 exf3 31. Qxf3 Bg4 32. Qg2 Rxf1+ 33. Qxf1 Qxf1+ 34. Kxf1 Bxd1 0-1